[Event "Berlin Lichtenberger op 17th"]
[Site "Berlin"]
[Date "2018.08.24"]
[Round "7"]
[White "Kossueva, Fatima"]
[Black "Graebnitz, Marc Florian"]
[Result "1/2-1/2"]
[WhiteElo "1365"]
[BlackElo "1495"]
[PlyCount "117"]
[EventDate "2018.08.18"]
[EventType "swiss"]
[EventRounds "9"]
[EventCountry "GER"]
[SourceTitle "CBM 186 Extra"]
[Source "ChessBase"]
[SourceDate "2018.08.24"]
[SourceVersion "1"]
[SourceVersionDate "2018.08.24"]
[SourceQuality "1"]

1. e4 d6 2. d4 g6 3. Nc3 Bg7 4. Be3 Nf6 5. Qd2 0-0 6. f3 Nbd7 7. Bh6 c5 8. Bxg7 Kxg7 9. Nge2 a6 10. a4 cxd4 11. Qxd4 Qb6 12. Qxb6 Nxb6 13. b3 Bd7 14. a5 Nc8 15. g4 Na7 16. Ng3 Rac8 17. Kd2 h6 18. h4 Rc6 19. g5 hxg5 20. hxg5 Nh7 21. f4 Rfc8 22. Bc4 e5 23. f5 Nxg5 24. fxg6 fxg6 25. Raf1 Be6 26. Bxe6 Nxe6 27. Nf5+ gxf5 28. Rfg1+ Kf7 29. Rh7+ Ke8 30. Rg8+ Nf8 31. Nd5 Rxc2+ 32. Kd3 fxe4+ 33. Kxe4 Rf2 34. Rxb7 Nc6 35. Nc7+ Kf7 36. Rxf8+ Kxf8 37. Ne6+ Kg8 38. Rg7+ Kh8 39. Rg6 Rh2 40. Ng5 Nxa5 41. Nf7+ Kh7 42. Rxd6 Nxb3 43. Ng5+ Kg7 44. Kxe5 Rc5+ 45. Kf4 Rh4+ 46. Kg3 Rxg5+ 47. Kxh4 Rg6 48. Rd7+ Kf8 49. Kh5 Rb6 50. Ra7 a5 51. Kg5 Ke8 52. Kf5 Kd8 53. Ke4 Kc8 54. Kd3 Kb8 55. Rf7 a4 56. Kc2 a3 57. Kb1 Nc1+ 58. Ka1 a2 59. Rb7+ 1/2-1/2

[Event "Berlin Lichtenberger op 17th"]
[Site "Berlin"]
[Date "2018.08.22"]
[Round "5"]
[White "Korell, Klaus Peter"]
[Black "Graebnitz, Marc Florian"]
[Result "1-0"]
[WhiteElo "1847"]
[BlackElo "1495"]
[PlyCount "149"]
[EventDate "2018.08.18"]
[EventType "swiss"]
[EventRounds "9"]
[EventCountry "GER"]
[SourceTitle "CBM 186 Extra"]
[Source "ChessBase"]
[SourceDate "2018.08.24"]
[SourceVersion "1"]
[SourceVersionDate "2018.08.24"]
[SourceQuality "1"]

1. d4 d5 2. c4 c6 3. cxd5 cxd5 4. Nc3 Nf6 5. Bf4 Nc6 6. e3 e6 7. Bd3 Bd6 8. Nge2 0-0 9. 0-0 Bxf4 10. Nxf4 Qb6 11. Qe2 a6 12. Rac1 Bd7 13. Na4 Qa5 14. Nc5 Qb6 15. a3 Rfc8 16. Rc3 Na7 17. Rb3 Bb5 18. Bxb5 axb5 19. Rc1 Ne4 20. Qc2 Qd8 21. Qb1 Nd2 22. Qa1 Nxb3 23. Nxb3 Rxc1+ 24. Nxc1 Qc7 25. Qb1 Rc8 26. Nfd3 Qc2 27. Qxc2 Rxc2 28. Kf1 Kf8 29. Ke1 Ke7 30. Kd1 Rc7 31. Na2 Nc6 32. Nc3 Na7 33. Kd2 Kd6 34. Nb4 f6 35. h4 g5 36. hxg5 fxg5 37. Nd3 Rf7 38. Ke2 h5 39. Ne5 Rh7 40. Nf3 g4 41. Nh4 Ke7 42. g3 Kd6 43. Ng2 e5 44. dxe5+ Kxe5 45. Nf4 d4 46. Nd3+ Kd6 47. exd4 Re7+ 48. Kd2 Re8 49. Nf4 Rh8 50. Ng6 Rh6 51. Nh4 Rf6 52. Ne4+ Ke6 53. Nxf6 Kxf6 54. Ng2 Nc8 55. Kd3 Nb6 56. Ne3 Ke6 57. b3 Nd5 58. Ng2 b6 59. a4 Nb4+ 60. Ke4 bxa4 61. bxa4 Nd5 62. Kd3 Kf5 63. Nh4+ Kf6 64. Kc4 Ke6 65. Ng6 Kd6 66. Ne5 Nc7 67. Nd3 Nd5 68. Nb2 Kc6 69. Nd3 Kd6 70. Ne5 Ke6 71. Kb5 Nc3+ 72. Kxb6 Nxa4+ 73. Kc6 Nc3 74. Nd3 Nd5 75. Nc5+ 1-0

[Event "Berlin Lichtenberger op 17th"]
[Site "Berlin"]
[Date "2018.08.21"]
[Round "4"]
[White "Graebnitz, Marc Florian"]
[Black "Keusch, Horst"]
[Result "1-0"]
[WhiteElo "1495"]
[BlackElo "1932"]
[PlyCount "56"]
[EventDate "2018.08.18"]
[EventType "swiss"]
[EventRounds "9"]
[EventCountry "GER"]
[SourceTitle "CBM 186 Extra"]
[Source "ChessBase"]
[SourceDate "2018.08.24"]
[SourceVersion "1"]
[SourceVersionDate "2018.08.24"]
[SourceQuality "1"]

1. d4 Nf6 2. Nf3 e6 3. c4 b6 4. Nc3 Bb7 5. e3 Bb4 6. Bd3 Ne4 7. Qb3 a5 8. 0-0 f5 9. a3 Bxc3 10. bxc3 d6 11. c5 Bd5 12. c4 Bc6 13. cxb6 cxb6 14. a4 Nd7 15. Ba3 Ndf6 16. Rfb1 Rb8 17. c5 Bd5 18. Qb5+ Kf7 19. cxb6 Nc3 20. Qxa5 Nxb1 21. Rxb1 Bxf3 22. gxf3 Nd5 23. Qa7+ Kf6 24. b7 Qc7 25. Ba6 Ke7 26. Rc1 Nc3 27. Bb2 Ne2+ 28. Bxe2 Qxb7 1-0

[Event "Berlin Lichtenberger op 17th"]
[Site "Berlin"]
[Date "2018.08.19"]
[Round "2"]
[White "Graebnitz, Marc Florian"]
[Black "Wierzbicki, Jirawat"]
[Result "0-1"]
[WhiteElo "1495"]
[BlackElo "2187"]
[PlyCount "140"]
[EventDate "2018.08.18"]
[EventType "swiss"]
[EventRounds "9"]
[EventCountry "GER"]
[SourceTitle "CBM 186 Extra"]
[Source "ChessBase"]
[SourceDate "2018.08.24"]
[SourceVersion "1"]
[SourceVersionDate "2018.08.24"]
[SourceQuality "1"]

1. d4 d5 2. Nf3 Nf6 3. Bf4 c5 4. c3 Nc6 5. e3 Qb6 6. Qb3 c4 7. Qxb6 axb6 8. Ne5 Nxe5 9. Bxe5 Nd7 10. Bg3 b5 11. Be2 e6 12. 0-0 b4 13. cxb4 Bxb4 14. Nc3 Bxc3 15. bxc3 Ra3 16. Bd6 Ra6 17. Bb4 Nb8 18. Rfb1 Nc6 19. Bc5 Na5 20. Bd1 Bd7 21. Rb2 f6 22. Rab1 Kf7 23. h3 b5 24. Bc2 Rha8 25. a3 Nb7 26. Bb4 f5 27. Bd1 Kf6 28. g4 fxg4 29. Bxg4 Rh8 30. Kh2 h5 31. Bf3 g5 32. Rg1 Raa8 33. Kg3 Rag8 34. Rbb1 Nd8 35. e4 g4 36. e5+ Kf5 37. hxg4+ hxg4 38. Bg2 Nf7 39. f3 gxf3+ 40. Kxf3 Rg4 41. Ke3 Ng5 42. Rbf1+ Kg6 43. Bf3 Rxg1 44. Rxg1 Rh3 45. Ke2 Rh2+ 46. Ke1 Kf5 47. Rf1 Kf4 48. Bd1+ Ke4 49. Be7 Nh3 50. Rf3 Nf4 51. Rg3 Nd3+ 52. Kf1 Rf2+ 53. Kg1 Rd2 54. Bh5 Ra2 55. Bg6+ Kf4 56. Rg2 Rxg2+ 57. Kxg2 Ke3 58. Bg5+ Ke2 59. Bh5+ Ke1 60. Be7 Nf4+ 61. Kf3 Nxh5 62. Bb4 Ng7 63. Kg4 Kd2 64. Kg5 Nf5 65. Kf6 Kd3 66. Kf7 Nxd4 67. Ke7 Bc6 68. cxd4 c3 69. Bxc3 Kxc3 70. Kxe6 Kxd4 0-1

[Event "Berlin Lichtenberger op 16th"]
[Site "Berlin"]
[Date "2017.08.23"]
[Round "5"]
[White "Bruening, Wolfgang"]
[Black "Graebnitz, Marc Florian"]
[Result "1-0"]
[WhiteElo "1791"]
[BlackElo "1465"]
[PlyCount "81"]
[EventDate "2017.08.19"]
[EventType "swiss"]
[EventRounds "9"]
[EventCountry "GER"]
[SourceTitle "CBM 180 Extra"]
[Source "ChessBase"]
[SourceDate "2017.10.06"]
[SourceVersion "1"]
[SourceVersionDate "2017.10.06"]
[SourceQuality "1"]

1. d4 d5 2. Nf3 Nf6 3. e3 Bf5 4. Be2 e6 5. 0-0 Bd6 6. c4 c6 7. Nc3 h6 8. b3 0-0 9. a4 Nbd7 10. Bd3 Bxd3 11. Qxd3 Re8 12. Ba3 Qe7 13. Bxd6 Qxd6 14. h3 Rac8 15. Nd2 Red8 16. c5 Qc7 17. f4 Nf8 18. Nf3 Ng6 19. g4 Nd7 20. Kg2 f6 21. Qxg6 e5 22. fxe5 fxe5 23. Qe6+ Kh8 24. Nxe5 Nxe5 25. Qxe5 Qa5 26. Rf7 Rg8 27. Rc1 Rce8 28. Qf4 Qb4 29. g5 Qxb3 30. Kf3 Qb2 31. Ne2 Re4 32. Qf5 Qd2 33. Rc3 Qe1 34. Nf4 Rxf4+ 35. Qxf4 Qxc3 36. gxh6 Qe1 37. hxg7+ Kh7 38. Qf5+ Kh6 39. Rf6+ Kxg7 40. Qg6+ Kh8 41. Qh6# 1-0

[Event "Berlin Lichtenberger op 16th"]
[Site "Berlin"]
[Date "2017.08.22"]
[Round "4"]
[White "Graebnitz, Marc Florian"]
[Black "Pruetz, Sigurd"]
[Result "1/2-1/2"]
[WhiteElo "1465"]
[BlackElo "1686"]
[PlyCount "92"]
[EventDate "2017.08.19"]
[EventType "swiss"]
[EventRounds "9"]
[EventCountry "GER"]
[SourceTitle "CBM 180 Extra"]
[Source "ChessBase"]
[SourceDate "2017.10.06"]
[SourceVersion "1"]
[SourceVersionDate "2017.10.06"]
[SourceQuality "1"]

1. d4 f5 2. Nf3 Nf6 3. Bf4 e6 4. e3 d5 5. Bd3 Bd6 6. Ne5 0-0 7. 0-0 c5 8. c3 c4 9. Bc2 Qc7 10. Nd2 Nbd7 11. Nxd7 Bxd7 12. Bxd6 Qxd6 13. Nf3 b5 14. Rc1 a5 15. b3 cxb3 16. axb3 Rfc8 17. Bd3 Ra7 18. Rc2 Rac7 19. Qa1 a4 20. bxa4 bxa4 21. Rfc1 Qb6 22. Ne5 Be8 23. c4 Qa5 24. h3 g5 25. cxd5 Rxc2 26. Rxc2 Rxc2 27. Bxc2 Nxd5 28. Bb3 a3 29. Nc4 Qb4 30. Qa2 f4 31. Nxa3 fxe3 32. fxe3 Qe1+ 33. Kh2 Qxe3 34. Bxd5 exd5 35. Qxd5+ Bf7 36. Qd8+ Kg7 37. Qd6 Qc1 38. Qe5+ Kg6 39. Nb5 Qf4+ 40. Qxf4 gxf4 41. Nc3 Kf5 42. Kg1 h5 43. Kf2 h4 44. Kf3 Bh5+ 45. Kf2 Bf7 46. d5 Ke5 1/2-1/2

[Event "Berlin Lichtenberger op 16th"]
[Site "Berlin"]
[Date "2017.08.21"]
[Round "3"]
[White "Kossueva, Fatima"]
[Black "Graebnitz, Marc Florian"]
[Result "0-1"]
[WhiteElo "1410"]
[BlackElo "1465"]
[PlyCount "54"]
[EventDate "2017.08.19"]
[EventType "swiss"]
[EventRounds "9"]
[EventCountry "GER"]
[SourceTitle "CBM 180 Extra"]
[Source "ChessBase"]
[SourceDate "2017.10.06"]
[SourceVersion "1"]
[SourceVersionDate "2017.10.06"]
[SourceQuality "1"]

1. e4 d6 2. d4 Nf6 3. Nc3 g6 4. f4 Bg7 5. Nf3 0-0 6. Bd3 c5 7. d5 a6 8. a4 Bg4 9. 0-0 Nbd7 10. h3 Bxf3 11. Qxf3 Qa5 12. Bd2 Qb6 13. Kh1 Rab8 14. Rfe1 Qc7 15. Ne2 c4 16. Ng3 cxd3 17. Qxd3 Nc5 18. Qa3 Rfc8 19. b4 Ncd7 20. Rac1 Nb6 21. Be3 Nc4 22. Qb3 Nxe3 23. Rxe3 Qc4 24. Qxc4 Rxc4 25. c3 Rbc8 26. Ne2 Rxe4 27. Rxe4 Nxe4 0-1

[Event "Berlin Lichtenberger op 16th"]
[Site "Berlin"]
[Date "2017.08.20"]
[Round "2"]
[White "Graebnitz, Marc Florian"]
[Black "Thomas, Tobias"]
[Result "0-1"]
[WhiteElo "1465"]
[BlackElo "1877"]
[PlyCount "76"]
[EventDate "2017.08.19"]
[EventType "swiss"]
[EventRounds "9"]
[EventCountry "GER"]
[SourceTitle "CBM 180 Extra"]
[Source "ChessBase"]
[SourceDate "2017.10.06"]
[SourceVersion "1"]
[SourceVersionDate "2017.10.06"]
[SourceQuality "1"]

1. d4 Nf6 2. Nf3 g6 3. Bf4 Bg7 4. e3 d6 5. c4 0-0 6. Bd3 Nfd7 7. 0-0 h6 8. Qc2 e5 9. dxe5 dxe5 10. Bg3 f5 11. Be2 g5 12. h3 h5 13. Rd1 Qf6 14. Nc3 c6 15. Rac1 g4 16. hxg4 hxg4 17. Nh2 Qg5 18. Nf1 f4 19. Ne4 Qh5 20. Bh2 Na6 21. a3 Nac5 22. b4 Nxe4 23. Qxe4 Nf6 24. Qc2 Qg5 25. exf4 exf4 26. c5 Nh5 27. Qd2 Bf5 28. Ng3 Rad8 29. Qa2+ Kh8 30. Rxd8 Rxd8 31. Nxh5 f3 32. Nf4 fxe2 33. Nxe2 Rd2 34. Qc4 Rxe2 35. Bf4 Qe7 36. Be3 Rxe3 37. fxe3 Qxe3+ 38. Kh1 Bd3 0-1

[Event "GER-chT U10"]
[Site "Magdeburg"]
[Date "2015.12.27"]
[Round "1.3"]
[White "Neumann, Kai Minh"]
[Black "Graebnitz, Marc Florian"]
[Result "0-1"]
[WhiteElo "831"]
[BlackElo "1153"]
[PlyCount "96"]
[EventDate "2015.12.27"]
[EventType "team-swiss"]
[EventRounds "7"]
[EventCountry "GER"]
[SourceTitle "EXT 2017"]
[Source "ChessBase"]
[SourceDate "2016.10.25"]
[SourceVersion "1"]
[SourceVersionDate "2016.10.25"]
[SourceQuality "1"]
[WhiteTeam "Friedrichsfelde Borussia"]
[BlackTeam "Berlin Eintracht"]
[WhiteTeamCountry "GER"]
[BlackTeamCountry "GER"]

1. e4 e5 2. Nf3 Nc6 3. Bc4 Be7 4. d3 d6 5. h3 Nf6 6. Nc3 Bd7 7. Be3 Qc8 8. Qd2 Be6 9. Bxe6 Qxe6 10. 0-0-0 0-0-0 11. d4 exd4 12. Bxd4 Nxe4 13. Qe3 Nxc3 14. Qxe6+ fxe6 15. Bxc3 e5 16. a3 Bf6 17. Kb1 a6 18. Rhe1 Rhf8 19. h4 Ne7 20. g4 Ng6 21. h5 Nh4 22. Re3 Rde8 23. Nxh4 Bxh4 24. Rh1 Bxf2 25. Re2 Rf4 26. Rf1 Ref8 27. Bd2 Be3 28. Rxf4 Bxf4 29. Rf2 Kd7 30. Bxf4 Rxf4 31. Rxf4 exf4 32. Kc1 Ke6 33. Kd2 Ke5 34. Ke1 h6 35. a4 Ke4 36. Ke2 f3+ 37. Kf2 Kf4 38. b3 Kxg4 39. c3 c5 40. c4 Kf4 41. Kf1 Ke3 42. Ke1 f2+ 43. Kf1 a5 44. b4 axb4 45. a5 b3 46. a6 bxa6 47. Kg2 Ke2 48. Kh3 f1Q+ 0-1